LEADER 01102nam a2200265 u 4500 001 000000113289 003 CaOOAMICUS 005 20081031101650.0 008 081002s2008 it u000 u ita u 020 $z978-88-430-4709-3* 040 $aPUL$bita$dLDB 100 1 $aTrabattoni, Franco.$0(OLS)http://pul/name/69856 245 13$aLa filosofia antica :$bprofilo storico-critico /$cFranco Trabattoni. 260 $aRoma :$bCarocci,$c2008. 300 $a321 p. ;$c21 cm 490 1 $aQuality paperbacks ;$v257 504 $aBibliografia : p. 315-317. 650 4$aFilosofia antica$xStoria.$0(OLS)http://pul/subject/14055 830 0$aQuality paperbacks (Carocci) ;$v257.$0(OLS)http://pul/title/103487 850 $aPUL 852 $aPUL$W1$xSL Filosofia 3$y81$m180 TRAFR 1$j129481$qDDC 21$B128529$CPULBib$Z2$F128529 $H108329 $82 941 1 $a9 996 $6020$z978-88-430-4709-3*$9(OLS)http://pul/number/138716 996 $6245$aLa filosofia antica :$bprofilo storico-critico$9(OLS)http://pul/title/142365 996 $6260$aRoma :$bCarocci$9(OLS)http://pul/publisher/66917 LEADER 01398nam a2200265 a 4500 001 000000116270 003 CaOOAMICUS 005 20090617123153.0 008 090617s2009 it 000 0 ita r 020 $z978-88-343-1822-5* 040 $aPUL$bita$dLDB 100 1 $aTrabattoni, Franco.$0(OLS)http://pul/name/69856 245 10$aAttualitą di Platone :$bstudi sui rapporti fra Platone e Rorty, Heidegger, Gadamer, Derrida, Cassirer, Strauss, Nussbaum e Paci /$cFranco Trabattoni. 260 $aMilano :$bVita e pensiero,$cc2009. 300 $a234 p. ;$c22 cm 490 1 $aTemi metafisici e problemi del pensiero antico.$aStudi e testi ;$v114 504 $aBibliografia in nota. 600 04$aPlato,$d427-347 a.C.$xInflusso$ySec. XX.$0(OLS)http://pul/subject/35507 830 0$aTemi metafisici e problemi del pensiero antico.$pStudi e testi ;$v114.$0(OLS)http://pul/title/98294 850 $aPUL 852 $aPUL$W1$xSL Filosofia 2$y80$mPhil A10b 114$j133231$qStampati Altre Collocazioni$B132257$CPULBib$Z2$F132257 $H110887 $82 941 1 $a10 996 $6020$z978-88-343-1822-5*$9(OLS)http://pul/number/141179 996 $6245$aAttualitą di Platone :$bstudi sui rapporti fra Platone e Rorty, Heidegger, Gadamer, Derrida, Cassirer, Strauss, Nussbaum e Paci$9(OLS)http://pul/title/146116 996 $6260$aMilano :$bVita e pensiero$9(OLS)http://pul/publisher/48016